| 000 | 00945cab a2200265 4500 | ||
|---|---|---|---|
| 001 | ABS53749 | ||
| 008 | 090401t1995 xxu||||| |||| 00| 0 eng d | ||
| 035 | _a(Sirsi) u6396 | ||
| 041 | _aeng | ||
| 100 | _aPalmer, S. | ||
| 245 | _aValuation and investment strategy | ||
| 260 | _c1995 | ||
| 350 | _a0 | ||
| 490 |
_aEstates Gazette _v(9542) 21 October 1995, 124-125(2) |
||
| 520 | _aDespite general environmental awareness, a recent survey shows that companies are still reluctant to undertake detailed environmental audits. Examines the reasons behind this attitude as well as the implications for investment. | ||
| 650 | _aENVIRONMENTAL ASSESSMENT | ||
| 650 | _aENVIRONMENTAL AUDITS | ||
| 650 | _aENVIRONMENTAL RISK | ||
| 650 | _aRISK ASSESSMENT | ||
| 690 | _aPROPERTY-COMMERCIAL PROPERTY-COMMERCIAL PROPERTY FINANCE AND INVESTMENT | ||
| 690 |
_aEnvironment _96238 |
||
| 700 | _aLizieri, C. | ||
| 942 | _n0 | ||
| 948 | _c04/03/1997 | ||
| 999 |
_c3852 _d3852 |
||